Statistics for US States - Blind Typing!

Click here to take the quiz!

General Stats

  • This quiz has been taken 2,366 times
  • The average score is 45 of 50

Answer Stats

ANSWER% Correct
California
95%
Florida
94%
Washington
94%
Alaska
93%
Maine
93%
New York
93%
North Dakota
93%
South Dakota
93%
Texas
93%
Alabama
92%
Arizona
92%
Hawaii
92%
New Mexico
92%
North Carolina
92%
Ohio
92%
Oregon
92%
South Carolina
92%
Colorado
91%
Georgia
91%
Idaho
91%
Kansas
91%
Montana
91%
Arkansas
90%
Indiana
90%
Michigan
90%
Mississippi
90%
Rhode Island
90%
Virginia
90%
West Virginia
90%
Connecticut
89%
Delaware
89%
Illinois
89%
Kentucky
89%
Nevada
89%
New Hampshire
89%
New Jersey
89%
Utah
89%
Vermont
89%
Wyoming
89%
Iowa
88%
Louisiana
88%
Maryland
88%
Missouri
88%
Oklahoma
88%
Pennsylvania
88%
Tennessee
88%
Massachusetts
87%
Minnesota
86%
Nebraska
86%
Wisconsin
86%

Score Distribution

Percentile by Number Answered

Percent of People with Each Score

Your Score History

You have not taken this quiz